000 00186nam a2200085Ia 4500
008 250605s9999 xx 000 0 und d
041 _aeng
100 _aAman Sharma
245 _aCummins India
999 _c45819
_d45819